000 00418nam a2200169Ia 4500
008 221030s9999 xx 000 0 und d
020 _a8185015589
041 _aEnglish
082 _a105.23
_bDat
100 _aC. J. Date
245 3 _aAn Introduction to Database Systems Vol. I
_cby C. J. Date
250 _a3rd
260 _bNarosa Pub.
_aNew Delhi
_c2002
300 _a580
650 _aBE Computer
942 _cBK
999 _c4215
_d4215